000
00339nam a2200157Ia 4500
100
_a
Saji
650
_a
Philosophy
942
_c
BK
366
_f
25
654
_a
happiness
245
_a
Ten Commandments for Happiness
260
_b
Better Yourself Books
_a
Bandra
_c
2006
082
_a
170/SAJ
_b
SAJ
300
_a
70
546
_a
ENGLISH
999
_c
29762
_d
29762